[Event "5th EuroChamp"]
[Site "?"]
[Date "2004.05.20"]
[Round "5.32"]
[White "Kose, Serkan"]
[Black "Bakalarz, Mieczyslaw"]
[Result "1-0"]
[WhiteElo "2244"]
[BlackElo "2333"]
[PlyCount "189"]
[EventDate "2004.??.??"]

1. e4 c5 2. c3 e6 3. d4 d5 4. exd5 exd5 5. Nf3 Nc6 6. Bb5 Bd6 7. O-O Nge7 8.
dxc5 Bxc5 9. Nbd2 O-O 10. Nb3 Bb6 11. Bd3 Qd6 12. Re1 Bc7 13. h3 h6 14. Be3 b6
15. Nbd4 a6 16. Kf1 Bd7 17. Qc2 Qf6 18. Rad1 b5 19. Nxc6 Nxc6 20. Nd4 Rfe8 21.
Bh7+ Kh8 22. Nxc6 Qxc6 23. Bf5 Rad8 24. Bd4 Kg8 25. b3 Bxf5 26. Qxf5 Re4 27.
Rxe4 dxe4 28. Re1 Re8 29. Qg4 f6 30. Qf5 Qe6 31. Qxe6+ Rxe6 32. f3 f5 33. g4 g6
34. gxf5 gxf5 35. fxe4 fxe4 36. Kf2 Bf4 37. Rg1+ Kf8 38. Rg4 Bd2 39. Ke2 e3 40.
Rg3 Kf7 41. c4 bxc4 42. bxc4 Re4 43. Rg4 Re6 44. Rg7+ Ke8 45. Rg3 Kd7 46. Bxe3
Bxe3 47. Rxe3 Rg6 48. Kd3 Rg2 49. a3 Kd6 50. Rf3 Ke5 51. Re3+ Kd6 52. Kd4 Rd2+
53. Kc3 Rg2 54. Kb4 Rb2+ 55. Rb3 Rc2 56. Rg3 Rb2+ 57. Kc3 Rf2 58. Rd3+ Kc6 59.
Kb3 Rf5 60. Kb4 Rh5 61. Rg3 Kb6 62. Rg6+ Kb7 63. Rg7+ Kc6 64. Rg3 Kb6 65. Rf3
Kc6 66. Rf6+ Kb7 67. Rf7+ Kc6 68. Rf6+ Kb7 69. c5 Rxh3 70. Rb6+ Ka7 71. a4 Rh5
72. a5 Rh4+ 73. Kb3 Rh1 74. Kc4 Rc1+ 75. Kd5 Ra1 76. Rxh6 Rxa5 77. Rh7+ Kb8 78.
Kd6 Ra1 79. Rh8+ Ka7 80. c6 Rd1+ 81. Kc7 Rg1 82. Kc8 Kb6 83. c7 Rc1 84. Rh6+
Kb5 85. Kb7 Rxc7+ 86. Kxc7 a5 87. Rh5+ Kb4 88. Kb6 a4 89. Rh4+ Kb3 90. Kb5 a3
91. Rh3+ Kb2 92. Kb4 a2 93. Rh2+ Kb1 94. Kb3 a1=N+ 95. Kc3 1-0

[Event "5th EuroChamp"]
[Site "?"]
[Date "2004.05.20"]
[Round "5.33"]
[White "Yilmaz, Turhan"]
[Black "Goksel, Doga Cihan"]
[Result "1-0"]
[WhiteElo "2311"]
[BlackElo "2130"]
[PlyCount "107"]
[EventDate "2004.??.??"]

1. c4 Nf6 2. Nc3 c5 3. g3 e6 4. Nf3 b6 5. Bg2 Bb7 6. O-O Be7 7. d4 cxd4 8. Nxd4
Bxg2 9. Kxg2 O-O 10. e4 d6 11. Be3 Qc7 12. Rc1 a6 13. f3 Nbd7 14. Qe2 Rac8 15.
b3 Qb7 16. Rfd1 Rfe8 17. g4 g6 18. Bh6 Rc7 19. Qe3 Ne5 20. h3 Rc5 21. a4 Bd8
22. Re1 Be7 23. Rcd1 Bd8 24. Qf2 Be7 25. Nde2 d5 26. exd5 exd5 27. g5 Nh5 28.
Nxd5 Bf8 29. Nec3 Qc8 30. Bxf8 Kxf8 31. Qd4 Qf5 32. f4 f6 33. fxe5 Qc2+ 34. Rd2
Qxb3 35. Nxf6 Nxf6 36. gxf6 Qxc4 37. Qxc4 Rxc4 38. Nd5 Rc6 39. Kf3 Kf7 40. Rd4
b5 41. axb5 axb5 42. Ke4 Rxe5+ 43. Kxe5 Re6+ 44. Kf4 Rxe1 45. Rb4 Rf1+ 46. Ke5
h5 47. Rxb5 g5 48. Rb7+ Kg6 49. Ne7+ Kf7 50. Nf5+ Kg8 51. Rb8+ Kf7 52. Nd6+ Kg6
53. Rg8+ Kh7 54. Rg7+ 1-0

[Event "5th EuroChamp"]
[Site "?"]
[Date "2004.05.20"]
[Round "5.34"]
[White "Erturan, Yakup"]
[Black "Ersahin, Bulent"]
[Result "1/2-1/2"]
[WhiteElo "2273"]
[BlackElo "2070"]
[PlyCount "127"]
[EventDate "2004.??.??"]

1. e4 c5 2. Nf3 d6 3. d4 cxd4 4. Nxd4 Nf6 5. Nc3 a6 6. Bg5 Nbd7 7. Qd2 e6 8.
O-O-O b5 9. Bd3 Bb7 10. Rhe1 Be7 11. f4 h6 12. Bh4 g5 13. fxg5 Ng4 14. Nf3 Nge5
15. Bg3 hxg5 16. Nxe5 Nxe5 17. a3 Qc7 18. Rf1 f6 19. Ne2 Bc8 20. Kb1 Bd7 21.
Nd4 O-O-O 22. a4 Qb7 23. axb5 Nxd3 24. Qxd3 axb5 25. Qb3 e5 26. Nf5 Bxf5 27.
Rxf5 Kb8 28. Rd5 Kc7 29. Rf3 Rb8 30. Rd1 Kd7 31. Qb4 Ra8 32. Rb3 Rhb8 33. Be1
Ra4 34. Qxa4 bxa4 35. Rxb7+ Rxb7 36. Ka2 Ke6 37. Ka3 d5+ 38. Kxa4 dxe4 39. b4
f5 40. c4 f4 41. c5 Ra7+ 42. Kb3 e3 43. c6 g4 44. Rc1 Bd6 45. b5 Bc7 46. Bb4
Bb6 47. Bc5 Bxc5 48. Rxc5 e2 49. Rc1 Kd6 50. Kc4 f3 51. gxf3 gxf3 52. Kd3 e4+
53. Ke3 Kc7 54. Kf2 Ra8 55. h4 Rd8 56. b6+ Kxb6 57. c7 Rd1 58. Rxd1 exd1=Q 59.
c8=Q Qe2+ 60. Kg3 Qg2+ 61. Kf4 f2 62. Qe6+ Kc5 63. Qe5+ Kc4 64. Qe6+ 1/2-1/2

[Event "5th EuroChamp"]
[Site "?"]
[Date "2004.05.20"]
[Round "5.36"]
[White "Erdogan, Hakan"]
[Black "Makolli, Perparim"]
[Result "0-1"]
[WhiteElo "2252"]
[BlackElo "2228"]
[PlyCount "118"]
[EventDate "2004.??.??"]

1. d4 d5 2. c4 c6 3. Nc3 e6 4. Nf3 f5 5. Ne5 Nf6 6. e3 Bd6 7. f4 O-O 8. Be2 Ne4
9. O-O Nd7 10. Nxe4 dxe4 11. Bd2 Nf6 12. b4 Qe7 13. Rb1 Bd7 14. a4 b6 15. Qc2
Rfc8 16. Rfc1 Be8 17. Qa2 Kh8 18. Rc2 Rab8 19. b5 c5 20. a5 h6 21. Bc3 Kh7 22.
Rd2 cxd4 23. exd4 Bxe5 24. fxe5 Nd7 25. Rb3 Qg5 26. Ba1 f4 27. Kh1 Bh5 28. Bxh5
Qxh5 29. Qc2 Kg8 30. Re2 e3 31. Re1 Rc7 32. Rc3 Rf8 33. Qe4 Rf5 34. Qf3 Qh4 35.
Re2 Rh5 36. h3 Rg5 37. Kh2 Rg3 38. Qa8+ Nf8 39. Qe4 Ng6 40. d5 exd5 41. cxd5
Rxh3+ 42. gxh3 Qg3+ 43. Kh1 Nh4 44. Rxc7 Qxh3+ 45. Kg1 Nf3+ 46. Qxf3 Qxf3 47.
Rg2 Qd1+ 48. Kh2 g5 49. e6 Qh5+ 50. Kg1 f3 51. Rc8+ Kh7 52. Rc7+ Kg6 53. Rg3
f2+ 54. Kg2 Qd1 55. Rg7+ Kf5 56. Rf7+ Ke4 57. Rxe3+ Kxe3 58. Rxf2 Qxd5+ 59. Kf1
Qh1# 0-1

[Event "5th EuroChamp"]
[Site "?"]
[Date "2004.05.20"]
[Round "5.37"]
[White "Mamedjarova, Turkan"]
[Black "Idrizaj, Abedin"]
[Result "1-0"]
[WhiteElo "2191"]
[BlackElo "2249"]
[PlyCount "35"]
[EventDate "2004.??.??"]

1. Nf3 Nf6 2. d4 d5 3. Bf4 e6 4. e3 Be7 5. Bd3 O-O 6. Ne5 c5 7. c3 Nc6 8. Nd2
Bd6 9. Qf3 cxd4 10. exd4 Qc7 11. Qg3 Ne8 12. Qh4 g6 13. Bh6 Nxe5 14. dxe5 Bxe5
15. Bxf8 Bf6 16. Qb4 b6 17. Bh6 a5 18. Qf8# 1-0

[Event "5th European Individual Chess "]
[Site "Justiniano Hotel Belek, Turke"]
[Date "2004.05.20"]
[Round "6.10"]
[White "Sargissian , G."]
[Black "Gashimov , V."]
[Result "1-0"]
[WhiteElo "2614"]
[BlackElo "2565"]
[PlyCount "119"]
[EventDate "2004.??.??"]

1. Nf3 Nf6 2. c4 e6 3. g3 d5 4. d4 Bb4+ 5. Bd2 Be7 6. Bg2 O-O 7. O-O dxc4 8.
Qc2 Nbd7 9. Qxc4 c5 10. dxc5 Nxc5 11. Be3 b6 12. Bxc5 Bxc5 13. Ne5 Nd5 14. Nd3
Be7 15. Nc3 Bb7 16. Nxd5 Bxd5 17. Bxd5 exd5 18. Qb3 Bf6 19. Rac1 Rc8 20. Rxc8
Qxc8 21. Rc1 Qg4 22. Rc2 Qe4 23. Nb4 d4 24. Qd5 Qg4 25. Kg2 Rd8 26. Qb7 h6 27.
Nd3 Re8 28. Qxa7 Qe4+ 29. f3 Qd5 30. Qxb6 Qxa2 31. Qb5 Qa8 32. b4 g5 33. Qf5
Kg7 34. b5 Qa4 35. Nc5 Qa1 36. Ne4 Be5 37. Nf2 d3 38. Qxd3 Bd4 39. Qd1 Qa7 40.
Ne4 g4 41. Rd2 Be3 42. Rd7 Qa2 43. Qd3 Bg5 44. fxg4 Qe6 45. Nd6 Qxe2+ 46. Qxe2
Rxe2+ 47. Kf3 Rxh2 48. Nxf7 Kf6 49. Nxg5 Kxg5 50. Rd5+ Kg6 51. Rd6+ Kg5 52.
Rd5+ Kg6 53. Kf4 Rf2+ 54. Ke5 Kg5 55. Kd6+ Kxg4 56. Rd3 Rf6+ 57. Kc7 Rg6 58. b6
h5 59. b7 Rg8 60. b8=Q 1-0

[Event "5th European Individual Chess "]
[Site "Justiniano Hotel Belek, Turke"]
[Date "2004.05.21"]
[Round "6.11"]
[White "Asrian, Karen"]
[Black "Guseinov, Gadir"]
[Result "1/2-1/2"]
[WhiteElo "2605"]
[BlackElo "2548"]
[PlyCount "67"]
[EventDate "2004.??.??"]

1. d4 Nf6 2. Nf3 g6 3. c3 Bg7 4. Bg5 O-O 5. Nbd2 d6 6. e4 Nbd7 7. Bd3 e5 8. O-O
Qe8 9. Re1 h6 10. Bh4 Nh5 11. Nc4 Nb6 12. Ne3 Nf4 13. Bc2 Be6 14. h3 c6 15. Bg3
Qd7 16. Qd2 Rad8 17. Rad1 Rfe8 18. b3 Qc8 19. Bxf4 exf4 20. Nf1 g5 21. Qd3 Kf8
22. N1h2 c5 23. d5 c4 24. bxc4 Bd7 25. Bb3 a5 26. Nd2 Be5 27. Rb1 Qc7 28. Nhf3
Bf6 29. a3 Rc8 30. Nd4 Qc5 31. Ba2 Rc7 32. Nb5 Bxb5 33. Rxb5 Qxa3 34. Rxb6
1/2-1/2

[Event "5th European Individual Chess "]
[Site "Justiniano Hotel Belek, Turke"]
[Date "2004.05.21"]
[Round "6.12"]
[White "Petrosian, Tigran L"]
[Black "Markowski, Tomasz"]
[Result "1-0"]
[WhiteElo "2539"]
[BlackElo "2605"]
[PlyCount "147"]
[EventDate "2004.??.??"]

1. e4 c5 2. Nc3 e6 3. Nf3 a6 4. g3 b5 5. d4 cxd4 6. Nxd4 Bb7 7. Bg2 Nf6 8. Qe2
Qb6 9. Nb3 d6 10. O-O Be7 11. a4 b4 12. Na2 a5 13. Rd1 O-O 14. Be3 Qc7 15. Bf4
Nbd7 16. c3 Ba6 17. Qc2 Rab8 18. Rac1 e5 19. Bd2 Rfc8 20. Qb1 bxc3 21. Rxc3 Qb6
22. Nxa5 Ng4 23. Rxc8+ Rxc8 24. Be1 Nxf2 25. Bxf2 Qxa5 26. Nc3 Rb8 27. Nd5 Bf8
28. Qa2 Nc5 29. b4 Qxa4 30. Qxa4 Nxa4 31. Ra1 Bb5 32. Bf1 Bd7 33. Ba6 Bc6 34.
b5 Bxd5 35. Rxa4 Bb3 36. Rb4 Be6 37. b6 d5 38. Rb1 d4 39. b7 Ba3 40. Be1 Kf8
41. Ba5 Bd6 42. Bb6 Ke7 43. Ba7 Rd8 44. b8=Q Bxb8 45. Rxb8 Rxb8 46. Bxb8 f6 47.
Kf2 h5 48. h4 Bg4 49. Bc4 Be6 50. Bb5 Bg4 51. Ba7 Kd6 52. Bc4 Bd1 53. Bf7 Ke7
54. Bg6 Kd6 55. Bb6 Bg4 56. Ke1 Ke6 57. Kd2 Kd6 58. Ba5 Kc5 59. Bd8 Kd6 60. Kd3
Bd1 61. Kc4 Be2+ 62. Kb4 Bg4 63. Bb6 Ke6 64. Kc5 Ke7 65. Kd5 Kf8 66. Bc5+ Kg8
67. Kd6 Bd1 68. Bb4 Bg4 69. Ke7 Be2 70. Bf5 Bd1 71. Be6+ Kh7 72. Kf7 Bg4 73.
Bxg4 hxg4 74. Bd2 1-0

[Event "5th European Individual Chess "]
[Site "Justiniano Hotel Belek, Turke"]
[Date "2004.05.21"]
[Round "6.18"]
[White "Macieja, Bartlomiej"]
[Black "Mastrovasilis, Athanasios"]
[Result "0-1"]
[WhiteElo "2633"]
[BlackElo "2488"]
[PlyCount "72"]
[EventDate "2004.??.??"]

1. e4 e5 2. Nf3 Nc6 3. d4 exd4 4. Nxd4 Bc5 5. Nxc6 Qf6 6. Qd2 dxc6 7. Nc3 Qe7
8. Qg5 f6 9. Qg3 Be6 10. Be3 Bd6 11. f4 Nh6 12. Be2 O-O-O 13. O-O Bc5 14. Na4
Bxe3+ 15. Qxe3 Kb8 16. Rad1 Bc8 17. Nc3 b6 18. Rxd8 Rxd8 19. Rd1 Re8 20. Qg3
Bb7 21. a3 a5 22. h3 g6 23. Qh4 Ng8 24. Kh1 Qf7 25. b3 Ne7 26. Qh6 Nc8 27. Bc4
Qe7 28. Bd3 Nd6 29. Re1 Nf5 30. exf5 Qxe1+ 31. Kh2 Qxc3 32. fxg6 hxg6 33. Qxg6
Re1 34. b4 Rd1 35. Kg3 c5 36. bxa5 Rg1 0-1

[Event "5th European Individual Chess "]
[Site "Justiniano Hotel Belek, Turke"]
[Date "2004.05.21"]
[Round "6.19"]
[White "Cheparinov, Ivan"]
[Black "Jonkman, Harmen"]
[Result "1/2-1/2"]
[WhiteElo "2555"]
[BlackElo "2421"]
[PlyCount "163"]
[EventDate "2004.??.??"]

1. e4 e5 2. Nf3 Nc6 3. Bb5 Nf6 4. d3 Bc5 5. Bxc6 dxc6 6. Be3 Qe7 7. Nc3 Bg4 8.
h3 Bh5 9. Qe2 Nd7 10. O-O-O Bb4 11. Bd2 O-O-O 12. Kb1 Rhe8 13. g4 Bg6 14. Qe1
Bxc3 15. Bxc3 c5 16. Rg1 h5 17. g5 Qe6 18. Rg3 c4 19. Qe3 b6 20. Rd2 a5 21. h4
Qc6 22. Rg1 Kb7 23. Rgd1 cxd3 24. Rxd3 f6 25. gxf6 gxf6 26. Ne1 Kc8 27. f3 Bf7
28. Qh6 Bc4 29. R3d2 Be6 30. Nd3 Rh8 31. Qe3 Rdg8 32. Rg1 Qc4 33. Nc1 Rxg1 34.
Qxg1 Bh3 35. Qg3 Be6 36. Qg1 Rg8 37. Rg2 Rxg2 38. Qxg2 Bg8 39. Bd2 Qf7 40. Be3
Bh7 41. Ne2 Qg6 42. Ng3 Bg8 43. Qh3 Kd8 44. Bf2 Nb8 45. b3 Nc6 46. Qf1 Be6 47.
Qa6 Nd4 48. c3 Nc6 49. Qb7 Bd7 50. Kb2 Ne7 51. Qa6 Nc8 52. Qd3 Ne7 53. Qc4 Qh6
54. Qe2 Be8 55. Nf1 Kc8 56. Qa6+ Kd8 57. Qd3+ Bd7 58. Ne3 Qf4 59. Nf1 Nc8 60.
Qd1 Qh6 61. Ne3 Ne7 62. Nc4 Qf4 63. Ne3 Qh2 64. Qg1 Qxg1 65. Bxg1 Be6 66. Kc2
Kd7 67. Bf2 Ng6 68. Bg3 Kd6 69. a3 c6 70. b4 axb4 71. axb4 b5 72. Kd2 Nf4 73.
Bxf4 exf4 74. Ng2 Ke5 75. Ne1 Bc4 76. Nc2 Be6 77. Nd4 Bd7 78. Kd3 Kd6 79. Ne2
Ke5 80. Nd4 Kd6 81. Nb3 Ke5 82. Nd4 1/2-1/2

[Event "5th European Individual Chess "]
[Site "Justiniano Hotel Belek, Turke"]
[Date "2004.05.20"]
[Round "6.22"]
[White "Iljushin, A."]
[Black "Erdogdu , M."]
[Result "1/2-1/2"]
[WhiteElo "2529"]
[BlackElo "2369"]
[PlyCount "155"]
[EventDate "2004.??.??"]

1. d4 Nf6 2. c4 g6 3. Nc3 Bg7 4. e4 d6 5. f3 O-O 6. Nge2 a6 7. Be3 Nbd7 8. Qd2
c5 9. Rd1 b6 10. Nc1 cxd4 11. Bxd4 Bb7 12. Qf2 Rc8 13. Be2 Re8 14. O-O Qc7 15.
a3 Ba8 16. N1a2 Qb8 17. Nb4 Nc5 18. Rfe1 e6 19. Bf1 Rcd8 20. Nc2 Ncd7 21. Be3
Rc8 22. Qd2 Bf8 23. Bf2 h5 24. h3 Kh7 25. Qf4 Be7 26. Qg3 Ne5 27. Ne3 Bc6 28.
Rd4 Bb7 29. Red1 h4 30. Qh2 g5 31. Ng4 Nfxg4 32. hxg4 Kg7 33. Be2 Ng6 34. Be3
Rc6 35. R4d2 Bf6 36. Kh1 Be5 37. Qg1 Qd8 38. Na4 Qf6 39. Nxb6 Bg3 40. Bd4 Ne5
41. Nd7 Qh6 42. Nxe5 dxe5 43. Bf2 Rh8 44. Bf1 a5 45. c5 a4 46. Rd8 Rc8 47. Rxh8
Rxh8 48. Rd6 Rc8 49. Bb5 Rb8 50. Rb6 Rd8 51. Rxb7 Rd2 52. Be3 Rxb2 53. Ba6 Ra2
54. Bc4 Rc2 55. Bd3 Ra2 56. Bc1 Bf2 57. Qd1 h3 58. Rb2 Bg3 59. Qg1 Rxa3 60. Bf1
h2 61. Qe3 Rxe3 62. Bxe3 Qh8 63. c6 Qc8 64. Rc2 a3 65. Bb5 Qb8 66. c7 Qxb5 67.
Rc1 a2 68. c8=Q Qb2 69. Qa6 Bf2 70. Bxg5 Kg6 71. Bd2 Qxd2 72. Ra1 Bd4 73. Qxa2
Qe3 74. Qb1 Qc3 75. Ra2 Qe3 76. Ra1 Qc3 77. Ra2 Qe3 78. Ra1 1/2-1/2

[Event "5th European Individual Chess "]
[Site "Justiniano Hotel Belek, Turke"]
[Date "2004.05.21"]
[Round "6.23"]
[White "Radulski, Julian"]
[Black "Iotov, Valentin"]
[Result "1/2-1/2"]
[WhiteElo "2497"]
[BlackElo "2342"]
[PlyCount "27"]
[EventDate "2004.??.??"]

1. d4 Nf6 2. Nf3 e6 3. e3 b6 4. Bd3 Bb7 5. O-O Be7 6. b3 c5 7. Bb2 O-O 8. c4 d5
9. Nc3 Nbd7 10. Qe2 Rc8 11. Rfd1 Ne4 12. cxd5 exd5 13. Ba6 Bxa6 14. Qxa6
1/2-1/2

[Event "5th European Individual Chess "]
[Site "Justiniano Hotel Belek, Turke"]
[Date "2004.05.21"]
[Round "6.24"]
[White "Thorfinnsson, Bjorn"]
[Black "Pashikian, Arman"]
[Result "1/2-1/2"]
[WhiteElo "2345"]
[BlackElo "2466"]
[PlyCount "93"]
[EventDate "2004.??.??"]

1. d4 d5 2. Nf3 e6 3. c4 c5 4. cxd5 exd5 5. Nc3 Nc6 6. g3 Nf6 7. Bg2 Be7 8. O-O
O-O 9. Bg5 cxd4 10. Nxd4 h6 11. Bxf6 Bxf6 12. e3 Nxd4 13. exd4 Be6 14. Qb3 Bxd4
15. Bxd5 Bxc3 16. Bxe6 Bd4 17. Bd5 Qf6 18. Qf3 Bxb2 19. Rad1 Qxf3 20. Bxf3 Rad8
21. Rxd8 Rxd8 22. Bxb7 Rd2 23. a4 Bd4 24. a5 f5 25. h3 Kf7 26. Kg2 Kf6 27. Kf3
Ra2 28. a6 Bb6 29. Bc8 Rc2 30. Bb7 h5 31. h4 Rb2 32. Bd5 Rc2 33. Bb7 Rd2 34.
Bc6 Ra2 35. Bb7 Ra3+ 36. Kg2 Ra2 37. Kf3 g6 38. Bc8 Rc2 39. Bb7 Rd2 40. Bc6 Ra2
41. Bb7 Ra3+ 42. Kg2 f4 43. Bc8 f3+ 44. Kh3 Ra2 45. Bb7 Rxf2 46. Rxf2 Bxf2 47.
Bxf3 1/2-1/2

[Event "5th European Individual Chess "]
[Site "Justiniano Hotel Belek, Turke"]
[Date "2004.05.21"]
[Round "6.26"]
[White "Bayram, Yakup"]
[Black "Van Der Stricht, Geert"]
[Result "1-0"]
[WhiteElo "2292"]
[BlackElo "2450"]
[PlyCount "51"]
[EventDate "2004.??.??"]

1. d4 Nf6 2. Nf3 e6 3. c4 d5 4. Nc3 Be7 5. cxd5 exd5 6. Qc2 O-O 7. Bg5 Nbd7 8.
e3 Re8 9. Bd3 Nf8 10. O-O-O Bg4 11. Kb1 c6 12. h3 Bh5 13. g4 Bg6 14. Bf5 Bxf5
15. gxf5 N6d7 16. h4 f6 17. Bf4 Nb6 18. Rdg1 Bd6 19. Bh6 Re7 20. Ne5 Qe8 21. h5
Rc8 22. f4 Nfd7 23. Bxg7 Rxg7 24. h6 Rxg1+ 25. Rxg1+ Kf8 26. Rg8+ 1-0

[Event "5th European Individual Chess "]
[Site "Justiniano Hotel Belek, Turke"]
[Date "2004.05.21"]
[Round "6.28"]
[White "Kristjansson, Stefan"]
[Black "Kose, Serkan"]
[Result "1-0"]
[WhiteElo "2404"]
[BlackElo "2244"]
[PlyCount "107"]
[EventDate "2004.??.??"]

1. e4 e6 2. d4 d5 3. e5 c5 4. c3 Nc6 5. Nf3 Qb6 6. a3 Bd7 7. b4 cxd4 8. cxd4
Nge7 9. Nc3 Nf5 10. Na4 Qd8 11. Nc5 Bxc5 12. dxc5 f6 13. g4 Nfe7 14. exf6 gxf6
15. Bb2 Rf8 16. Qc2 Ng6 17. Bd3 Rg8 18. O-O-O Qc7 19. Kb1 Qf4 20. Nd4 Nxd4 21.
Bxd4 Kf7 22. h4 Ne7 23. g5 f5 24. Be3 Qc7 25. f4 b6 26. Qb2 Ke8 27. Rc1 b5 28.
c6 Bxc6 29. Bxb5 Qd7 30. Rxc6 Nxc6 31. Rc1 Rc8 32. Qc3 d4 33. Bxd4 Kf7 34. Bxc6
Rxc6 35. Qxc6 Qxd4 36. Qb7+ Kg6 37. h5+ Kxh5 38. Rh1+ Kg4 39. Qg2+ Kxf4 40.
Rh4+ Ke5 41. Rxd4 Kxd4 42. Qf2+ Ke4 43. Qxa7 Rxg5 44. b5 f4 45. b6 f3 46. b7
Rg8 47. b8=Q Rxb8+ 48. Qxb8 f2 49. Qb5 Kf3 50. Qf1 e5 51. a4 e4 52. Kc2 h5 53.
Kd1 e3 54. Qh3+ 1-0

[Event "5th European Individual Chess "]
[Site "Justiniano Hotel Belek, Turke"]
[Date "2004.05.21"]
[Round "6.30"]
[White "Klinova, Masha"]
[Black "Demirel, Tolga"]
[Result "1-0"]
[WhiteElo "2436"]
[BlackElo "2183"]
[PlyCount "131"]
[EventDate "2004.??.??"]

1. e4 e5 2. Bc4 Nf6 3. d3 Nc6 4. Nf3 Be7 5. Nbd2 d6 6. Bb3 O-O 7. c3 h6 8. O-O
Bg4 9. Re1 Kh8 10. h3 Bh5 11. Nf1 Nh7 12. g4 Bg6 13. Ng3 Ng5 14. Kg2 Nxf3 15.
Qxf3 Bg5 16. Rh1 Bxc1 17. Raxc1 Qg5 18. h4 Qf4 19. Rcg1 Qxf3+ 20. Kxf3 Nd8 21.
Ke3 Ne6 22. Ne2 Rad8 23. h5 Bh7 24. d4 Ng5 25. f3 Bg8 26. Ng3 g6 27. Rh2 Kg7
28. Rgh1 Bh7 29. Bc2 c6 30. Rd2 exd4+ 31. Rxd4 Ne6 32. Rd2 Rd7 33. f4 g5 34. f5
Nf4 35. Rhd1 Re8 36. Kf3 d5 37. exd5 Rxd5 38. Rxd5 Nxd5 39. Ne4 f6 40. c4 Nb6
41. b3 Bg8 42. Rd6 Rf8 43. Nc5 Rf7 44. Ne6+ Kh7 45. Be4 Re7 46. c5 Nd5 47. Bxd5
cxd5 48. Rxd5 Bf7 49. Rd6 Be8 50. Nd4 Kg7 51. Re6 Kf7 52. Ke4 Bd7 53. Rxe7+
Kxe7 54. Kd5 Be8 55. a4 Bf7+ 56. Ke4 Kd7 57. b4 a6 58. Ne6 Bg8 59. b5 axb5 60.
axb5 Bf7 61. Kd5 Bg8 62. c6+ bxc6+ 63. bxc6+ Ke7 64. Kc5 Bf7 65. Kb6 Be8 66.
Nc5 1-0

[Event "5th European Individual Chess "]
[Site "Justiniano Hotel Belek, Turke"]
[Date "2004.05.21"]
[Round "6.32"]
[White "Karadeniz, Emre"]
[Black "Aleskerov, Faik"]
[Result "1-0"]
[WhiteElo "2310"]
[BlackElo "2167"]
[PlyCount "91"]
[EventDate "2004.??.??"]

1. d4 c5 2. d5 e5 3. e4 d6 4. Nc3 Be7 5. f4 exf4 6. Bxf4 Nf6 7. Be2 O-O 8. Nf3
Bg4 9. O-O Bxf3 10. gxf3 Nbd7 11. Be3 Ne8 12. f4 g6 13. Qd2 f5 14. Rad1 Bf6 15.
e5 dxe5 16. d6 Kh8 17. Nd5 exf4 18. Bxf4 g5 19. Be3 f4 20. Bf2 Rc8 21. Nxf6
Qxf6 22. b4 b6 23. bxc5 bxc5 24. Bg4 Ne5 25. d7 Rd8 26. dxe8=Q Rxd2 27. Qxe5
Qxe5 28. Rxd2 Qc3 29. Rd5 h5 30. Bxc5 Qxc2 31. Rxg5 hxg4 32. Bxf8 g3 33. hxg3
f3 34. Rh5+ Kg8 35. Rh2 Qf5 36. Bd6 Qd3 37. Bf4 Qd4+ 38. Rhf2 a6 39. Bg5 Kh7
40. Kh2 Kg6 41. Bh4 Qd5 42. a3 Qe4 43. Rxf3 Qe2+ 44. R1f2 Qe1 45. Rf7 Qe4 46.
R2f6+ 1-0

[Event "5th European Individual Chess "]
[Site "Justiniano Hotel Belek, Turke"]
[Date "2004.05.21"]
[Round "6.34"]
[White "Ersahin, Bulent"]
[Black "Bakalarz, Mieczyslaw"]
[Result "0-1"]
[WhiteElo "2070"]
[BlackElo "2333"]
[PlyCount "52"]
[EventDate "2004.??.??"]

1. e4 c5 2. Nf3 Nc6 3. d4 cxd4 4. Nxd4 g6 5. Nc3 Bg7 6. Be3 Nf6 7. Nxc6 bxc6 8.
e5 Nd5 9. Nxd5 cxd5 10. Qxd5 Rb8 11. Bc4 O-O 12. O-O-O Qc7 13. f4 d6 14. exd6
Bxb2+ 15. Kb1 Be5+ 16. Bb3 Bxd6 17. Bc1 Bf5 18. Bb2 Bxf4 19. Rhf1 Rbd8 20. Qf3
Rxd1+ 21. Qxd1 Be5 22. g4 Bxb2 23. Kxb2 Be6 24. Bxe6 Qe5+ 25. Ka3 Qxe6 26. Qf3
Rb8 0-1

[Event "5th European Individual Chess "]
[Site "Justiniano Hotel Belek, Turke"]
[Date "2004.05.21"]
[Round "6.35"]
[White "Bente, Bjoern"]
[Black "Mamedjarova, Turkan"]
[Result "1/2-1/2"]
[WhiteElo "2219"]
[BlackElo "2191"]
[PlyCount "123"]
[EventDate "2004.??.??"]

1. d4 d5 2. Nf3 Nf6 3. e3 Bf5 4. c4 e6 5. Qb3 Qc8 6. Nc3 c6 7. Nh4 Bg6 8. cxd5
exd5 9. Nxg6 hxg6 10. Bd3 Bd6 11. e4 dxe4 12. Nxe4 Nxe4 13. Bxe4 Na6 14. Bd2
Nc7 15. d5 cxd5 16. Bxd5 Nxd5 17. Qxd5 Qe6+ 18. Qxe6+ fxe6 19. Bc3 Kf7 20. Rd1
Rhd8 21. Ke2 e5 22. Rd3 g5 23. Rhd1 Ke6 24. f3 Bc7 25. Ke3 Rxd3+ 26. Rxd3 Rd8
27. Rxd8 Bxd8 28. Ke4 Bc7 29. Bd2 Bd8 30. Bb4 a6 31. b3 b5 32. Bc5 g6 33. Ba7
Bc7 34. h3 Kd6 35. Bf2 Ke6 36. Be3 Bd8 37. Bd2 Be7 38. Ba5 Ba3 39. Bc7 Bb2 40.
Bb8 Bc3 41. Bc7 Bb2 42. g4 Bc3 43. Kd3 Bb2 44. Kc2 Bd4 45. Bd8 Be3 46. Kc3 Kd5
47. Kd3 Bc1 48. Be7 Bf4 49. Ba3 a5 50. Be7 a4 51. bxa4 bxa4 52. Kc3 e4 53.
fxe4+ Kxe4 54. Kb4 Kf3 55. Kxa4 Kg3 56. Kb5 Kxh3 57. a4 Bc7 58. Bxg5 Kxg4 59.
Be3 g5 60. Bb6 Bxb6 61. Kxb6 Kh3 62. a5 1/2-1/2

[Event "5th EuroChamp"]
[Site "?"]
[Date "2004.05.23"]
[Round "8.2"]
[White "Navara, David"]
[Black "Anastasian, Ashot"]
[Result "1-0"]
[WhiteElo "2602"]
[BlackElo "2587"]
[PlyCount "97"]
[EventDate "2004.??.??"]

1. e4 e6 2. d4 d5 3. Nd2 dxe4 4. Nxe4 Nd7 5. Bd3 Ngf6 6. Qe2 Nxe4 7. Bxe4 c5 8.
d5 exd5 9. Bxd5+ Be7 10. Bg5 h6 11. Bxe7 Qxe7 12. O-O-O Qxe2 13. Nxe2 Nf6 14.
Rhe1 O-O 15. Nf4 Kh7 16. Bc4 Ng8 17. Nd5 b6 18. Ne7 Bb7 19. Nxg8 Kxg8 20. f3
Bc6 21. Re7 b5 22. Bd5 Rfc8 23. Bxf7+ Kf8 24. Rde1 a5 25. Bg6 Bd5 26. a3 b4 27.
R7e5 Bc4 28. b3 Ba6 29. a4 c4 30. Rxa5 cxb3 31. Rf5+ Kg8 32. Bf7+ Kh8 33. Bxb3
Bd3 34. Rf4 Bxc2 35. Bxc2 b3 36. Re2 Rab8 37. a5 Rc5 38. Rb4 Rxc2+ 39. Rxc2
Rxb4 40. Rc8+ Kh7 41. Kb2 Ra4 42. Rc5 Ra2+ 43. Kxb3 Rxg2 44. a6 Rf2 45. a7
Rxf3+ 46. Kb4 Rf8 47. Ra5 Ra8 48. Kb5 g5 49. Ra6 1-0

[Event "5th EuroChamp"]
[Site "?"]
[Date "2004.05.23"]
[Round "8.9"]
[White "Sargissian, Gabriel"]
[Black "Izoria, Zviad"]
[Result "1/2-1/2"]
[WhiteElo "2614"]
[BlackElo "2573"]
[PlyCount "28"]
[EventDate "2004.??.??"]

1. d4 Nf6 2. c4 e6 3. Nf3 d5 4. Nc3 dxc4 5. Qa4+ Nbd7 6. e4 a6 7. Bxc4 Rb8 8.
Qd1 b5 9. Bd3 Bb7 10. e5 Nd5 11. Ng5 Be7 12. Nce4 h6 13. Qh5 g6 14. Qh3 Kf8
1/2-1/2

[Event "5th EuroChamp"]
[Site "?"]
[Date "2004.05.23"]
[Round "8.17"]
[White "Parligras, Mircea"]
[Black "Erdogdu, Mert"]
[Result "1-0"]
[WhiteElo "2549"]
[BlackElo "2369"]
[PlyCount "59"]
[EventDate "2004.??.??"]

1. e4 c5 2. Nf3 Nc6 3. d4 cxd4 4. Nxd4 Qb6 5. Nb3 Nf6 6. Nc3 e6 7. Bd3 a6 8.
Qe2 Qc7 9. f4 Bb4 10. O-O Bxc3 11. bxc3 d6 12. Ba3 Nd7 13. Rad1 b6 14. Qg4 O-O
15. e5 dxe5 16. Qh4 f5 17. Bxf8 Nxf8 18. fxe5 Nxe5 19. Rfe1 Nfg6 20. Qg3 Qxc3
21. Bf1 Qc7 22. Nd4 Bd7 23. Nf3 Nxf3+ 24. Qxf3 Rf8 25. Bxa6 e5 26. Qd5+ Rf7 27.
Bc4 Be8 28. Qd3 e4 29. Bxf7+ Kxf7 30. Qd5+ 1-0

[Event "5th EuroChamp"]
[Site "?"]
[Date "2004.05.23"]
[Round "8.20"]
[White "Iljushin, Alexei"]
[Black "Mastrovasilis, Athanasios"]
[Result "1-0"]
[WhiteElo "2529"]
[BlackElo "2488"]
[PlyCount "113"]
[EventDate "2004.??.??"]

1. d4 Nf6 2. c4 e6 3. Nc3 Bb4 4. e3 O-O 5. Nge2 Re8 6. a3 Bf8 7. d5 exd5 8.
cxd5 c5 9. Ng3 d6 10. Be2 b6 11. O-O Ba6 12. e4 Bxe2 13. Qxe2 Nbd7 14. f4 a6
15. a4 Qc7 16. Be3 g6 17. Rad1 Bg7 18. Kh1 b5 19. axb5 axb5 20. Nxb5 Qb6 21.
Nc3 h5 22. e5 dxe5 23. f5 e4 24. fxg6 fxg6 25. d6 Qa6 26. Qd2 Kh7 27. Bg5 Qc4
28. h3 Re6 29. Rf4 Ra6 30. Bxf6 Raxd6 31. Qxd6 Rxd6 32. Rxd6 Nxf6 33. Rdxf6
Bxf6 34. Rxf6 e3 35. Nge2 Qd3 36. g3 Qd2 37. Kg2 Qxb2 38. Rf7+ Kg8 39. Re7 Qd2
40. h4 Qd3 41. Re5 Qd2 42. Kf3 c4 43. Rd5 Qb2 44. Kxe3 Qb6+ 45. Ke4 Kg7 46. Rg5
Kh7 47. Kd5 Qb4 48. Kd4 Kh6 49. Rb5 Qd6+ 50. Kxc4 Qd2 51. Rd5 Qe3 52. Kb3 g5
53. Rxg5 Qxg5 54. hxg5+ Kxg5 55. Ne4+ Kf5 56. Nf2 Kg5 57. Ng1 1-0